| 000 | 00643cam a2200193 4500 | ||
|---|---|---|---|
| 005 | 20250528144508.0 | ||
| 008 | 250528b mx |||||||| |||| 00spa|d | ||
| 050 | 0 | 4 |
_aHC135 _bC43 1970 |
| 100 | 1 | _aCeceña Cervantes, José Luis | |
| 245 | 1 | 0 |
_aMéxico en la órbita imperial _c / José Luis Ceceña. |
| 246 | 1 | 3 | _aLas empresas transnacionales |
| 250 | _a12a ed. | ||
| 260 |
_aMéxico : _bEdiciones el Caballito, _c1970 |
||
| 300 |
_a271 p. ; _c20 cm. |
||
| 504 | _aIncluye bibliografías | ||
| 651 | 7 |
_2lemb _aMéxico _xCondiciones económicas _xHistoria |
|
| 651 | 4 |
_aMéxico _xHistoria _yRevolución, 1910-1920 |
|
| 942 |
_2lcc _cLIB |
||
| 999 |
_c159997 _d159995 |
||